| 000 | 00000nas##2200000za#4500 |
| 001 | 9.511114 |
| 003 | CaOODSP |
| 005 | 20210615082615 |
| 007 | ta |
| 008 | 150406c2005||||xxc|| m #||||f| |0eng|d |
| 040 | |aCaOODSP|beng |
| 041 | |aeng |
| 041 | |afre |
| 043 | |an-cn--- |
| 086 | 1 |aHS23-2 |
| 110 | 1 |aCanada. |bHuman Resources and Social Development Canada. |
| 245 | 10|aInformation on labour standards : |bPart III of the Canada Labour Code (Labour Standards) |
| 260 | |aOttawa - Ontario : |bHuman Resources and Social Development Canada |
| 310 | |aIrregular |
| 520 | 3 |aThese plain language information sheets for employers and employees use a question-and-answer format to explain the provisions of Part III of the Canada Labor Code (Labour Standards). |
| 563 | |aPamphlet |
| 776 | 0#|tRenseignements sur les normes du travail : |w(CaOODSP)9.501335 |
| 776 | 0#|tInformation on labour standards : |w(CaOODSP)9.504936 |
| 780 | 00|tInformation on labour standards : |w(CaOODSP)9.509530 |
| 792 | |tRenseignements sur les normes du travail : |efre|w(CaOODSP)9.511115 |